| 000 | 01123cam a2200325 4500 | ||
|---|---|---|---|
| 001 | M1796 | ||
| 008 | 090401t1995 xxu||||| |||| 00| 0 eng d | ||
| 035 | _a(Sirsi) u34571 | ||
| 041 | _aeng | ||
| 050 | _a346.4102 | ||
| 090 | _aRICS 1995/37ABCD | ||
| 110 |
_aRoyal Institution of Chartered Surveyors _94900 |
||
| 245 | _aEC Directive on unfair terms in consumer contracts: information paper. | ||
| 260 |
_aLondon _bRICS _c1995 |
||
| 300 | _a5,6p. ; 30cm. | ||
| 350 | _a0 | ||
| 520 | _aPrepared by RICS Standards and Practice Committee. Available free of charge from Standards and Practice. Text includes SI 1994:3159 The Unfair Terms in Consumer Contracts Regulations. | ||
| 650 | _aCONSUMER CONTRACTS | ||
| 650 | _aEC DIRECTIVE | ||
| 650 | _aGUIDANCE NOTES | ||
| 650 | _aRICS INFORMATION PAPER | ||
| 650 | _aSTANDARD TERMS OF ENGAGEMENT | ||
| 650 | _aSTANDARDS AND PRACTICE COMMITTEE | ||
| 650 | _aUNFAIR CONTRACTS | ||
| 650 | _aUNFAIR TERMS IN CONSUMER CONTRACTS | ||
| 650 | _aUNFAIR TERMS | ||
| 690 | _aMANAGEMENT-BUSINESS MANAGEMENT-PROFESSIONAL PRACTICE | ||
| 942 | _n0 | ||
| 948 | _c04/03/1997 | ||
| 999 |
_c89966 _d89966 |
||